| 000 | 00827nam a2200241 c 4500 | ||
|---|---|---|---|
| 003 | BLK | ||
| 005 | 20190913121310.0 | ||
| 008 | 180911b bul|||||r ||||||| ||bul|| | ||
| 010 | _a004172 | ||
| 040 | _aBLK | ||
| 041 | _aFRE | ||
| 080 | _z801.313(063) | ||
| 100 | 1 |
_a _eпърви автор |
|
| 245 | 1 | 0 | _aCONGRES Internat. des Sciences onomastiques, XI. Sofia. 1972 |
| 246 |
_aRes. des communications du ... 28.VI - 4.VII.1972 _bCONGRES Internat. des Sciences onomastiques, XI. Sofia. 1972 |
||
| 260 |
_aSofia _bAcad. Bulg. des Sciences _c1972 |
||
| 300 |
_a280 с _c20 см |
||
| 380 | _a80 | ||
| 490 |
_aЧастна колекция - Академик Михаил Арнаудов _gДарение - Основен фонд |
||
| 655 | _aЕзикознание | ||
| 852 | _aМА 1509 | ||
| 942 |
_cKNG _n0 |
||
| 944 |
_aCR _c1996 _kValK |
||
| 999 |
_c344507 _d344507 |
||